NBA Los Angeles Lakers 2025-2026 Roster - Statistics

General Stats
  • This quiz has been taken 235 times
    83 since last reset
  • The average score is 13 of 18
Answer Stats
# Pos. Name % Correct
23 F Lebron James
100%
77 G Luka Dončić
98%
9 G Bronny James
97%
15 G Austin Reaves
95%
5 C Deandre Ayton
93%
11 CF Jaxson Hayes
87%
36 G Marcus Smart
87%
28 F Rui Hachimura
87%
10 G Luke Kennard
77%
12 F Jake LaRavia
74%
2 F Jarred Vanderbilt
74%
4 F Dalton Knecht
64%
1 G Adou Thiero
59%
14 F Maxi Kleber
57%
20 G Nick Smith Jr.
57%
17 F Drew Timme
44%
30 G Chris Mañon
23%
44 G Kobe Bufkin
5%
No matching quizzes found
Score Distribution
Percent of People with Each Score
Percentile by Number Answered
Your Score History
You have not taken this quiz since the last reset